• 首页
  • 本馆介绍
  • 公告通知
  • 最新文献
  • 馆藏检索
  • 电子资源
  • 读者导购
  • 参考咨询
  • 我的图书馆
  • 登录
  • 详细信息显示
  • 放入我的书架
  • 预约/预借图书
  • 作者相关作品
  • 分类相关作品
  • 丛书相关作品
  • 出版社相关作品

书目信息

  • 表格格式
  • 工作单格式
  • 卡片格式
题名:
清代前期教育论著选
    
 
作者: 李国钧 主编
分册: 中册  
出版信息: 北京   人民教育出版社  1990
页数: 451页
开本: 20cm
丛书名: 中国古代教育论著丛书
单 册:
中图分类: G40-09249 , G409
科图分类:
主题词: 教育理论--中国--清代--文集
电子资源:
ISBN: 7-107-10547-7
000 00838oam2 2200253 450
001 1551204211
005 20150127220222.98
010    @a7-107-10547-7@dCNY7.05@z7-107-10419-X
100    @a19901112d1990 ekmy0chiy0110 ea
101 0  @achi
102    @aCN@b110000
105    @ay z 000yy
200 1  @a清代前期教育论著选@Aqing dai qian qi jiao yu lun zhu xuan@h中册@f李国钧主编
210    @a北京@c人民教育出版社@d1990
215    @a451页@d20cm
225 2  @a中国古代教育论著丛书
330    @a本书选辑从清朝建立(1636)至鸦片战争(1840)这200年间教育家、思想家、政治家、文学家和科学家等人的有关教育论著。
461  0 @12001 @a中国古代教育论著丛书
606 0  @a教育理论@y中国@z清代@x文集
690    @aG40-09249@v2
690    @aG409@v4
701  0 @a李国钧@Ali guo jun@4主编
801  0 @aCN@bTSSF@c20150127
905    @aZUCC@dG409@eJY28:2
    
    清代前期教育论著选.中册/李国钧主编.-北京:人民教育出版社,1990
    451页;20cm.-(中国古代教育论著丛书)
    
    
    ISBN 7-107-10547-7:CNY7.05
    本书选辑从清朝建立(1636)至鸦片战争(1840)这200年间教育家、思想家、政治家、文学家和科学家等人的有关教育论著。
●
相关链接 在E读中查询图书 在五车中查询图书 在当当中查询图书 在豆瓣中查询图书


正题名:清代前期教育论著选     索取号:G409/JY28:2         预约/预借

序号 登录号 条形码 馆藏地/架位号 状态 备注
1 7841177   278411773   学院路分馆/ [索取号:G409/JY28:2] 在馆    
唐山师范学院图书馆 欢迎您!
大连网信软件有限公司© 版权所有